000 00614nam a22001937a 4500
003 OSt
005 20260210101047.0
008 260210b |||||||| |||| 00| 0 eng d
020 _a0-075408716
040 _cChuka University Library
050 _aPF 2129.E5M87 1990
100 _aMuyskens,Judith.A
_923087
245 _aRendez-vous; An invitataion to French
250 _a3rd ed
260 _aNewyork
_bMcgraw-hill publishing company
_c1990
300 _a610p.
650 _a1.French language-----Textbooks for foreign speakers---English 2.French language -----Grammar---1950
_923088
942 _2lcc
_cBK
_n0
999 _c21435
_d21435